Fair play at work. (Record no. 60691)
[ view plain ]
| 000 -LEADER | |
|---|---|
| fixed length control field | 00765cam a2200181 4500 |
| 001 - CONTROL NUMBER | |
| control field | ABS61005 |
| 008 - FIXED-LENGTH DATA ELEMENTS--GENERAL INFORMATION | |
| fixed length control field | 000000n1999 000 0 eng u |
| 035 ## - SYSTEM CONTROL NUMBER | |
| System control number | (Sirsi) u101559 |
| 100 ## - MAIN ENTRY--PERSONAL NAME | |
| Personal name | Merron, A. |
| 245 ## - TITLE STATEMENT | |
| Title | Fair play at work. |
| 260 ## - PUBLICATION, DISTRIBUTION, ETC. | |
| Date of publication, distribution, etc. | 1999 |
| 490 ## - SERIES STATEMENT | |
| Series statement | Property Week |
| Volume/sequential designation | 64(30) 30 July 1999, 34-35(2) |
| 520 ## - SUMMARY, ETC. | |
| Summary, etc. | Assesses the likely impact of the government's 'Fairness at Work' legislation on small surveying firms. Outlines the aims of the Employment Relations Bill and looks at its four main tenets: trade union recognition, disciplinary hearings, family-friendly policies and additional protection for workers. |
| 650 ## - SUBJECT ADDED ENTRY--TOPICAL TERM | |
| Topical term or geographic name entry element | EMPLOYMENT |
| 650 ## - SUBJECT ADDED ENTRY--TOPICAL TERM | |
| Topical term or geographic name entry element | LEGISLATION |
| 690 ## - LOCAL SUBJECT ADDED ENTRY--TOPICAL TERM (OCLC, RLIN) | |
| Topical term or geographic name as entry element | MANAGEMENT-BUSINESS MANAGEMENT-PROFESSIONAL PRACTICE |
| 942 ## - ADDED ENTRY ELEMENTS (KOHA) | |
| Suppress in OPAC | 0 |
| Withdrawn status | Lost status | Source of classification or shelving scheme | Damaged status | Not for loan | Home library | Current library | Shelving location | Date acquired | Total Checkouts | Full call number | Barcode | Date last seen | Copy number | Price effective from | Koha item type |
|---|---|---|---|---|---|---|---|---|---|---|---|---|---|---|---|
| Dewey Decimal Classification | London | London | Journal article | 05/11/1999 | ABS61005 | 101559-1001 | 06/08/2019 | 1 | 06/08/2019 | Journal article |